| 000 | 00587nam a2200229Ia 4500 | ||
|---|---|---|---|
| 003 | 0100 | ||
| 008 | 130227s9999 xx 000 0 und d | ||
| 040 | _cARRUPELIB | ||
| 050 | _aJZ6010.R62 2011 | ||
| 100 | _aRamsbothan, Oliver | ||
| 245 | _aContemporary conflict resolution | ||
| 245 | _bthe prevention, management and transformation of deadly conflicts | ||
| 250 | _a3rd ed. | ||
| 260 | _aCambridge | ||
| 260 | _bPolity Press | ||
| 260 | _C2011 | ||
| 300 | _a507p. | ||
| 300 | _b 23 cm | ||
| 650 | _bSlavery | ||
| 700 | _aWoodhouse, Tom ; Miall, Hugh | ||
| 942 |
_2lcc _06 |
||
| 999 |
_c6193 _d6193 |
||